书目信息 |
| 题名: |
设备安装工程应用技术
|
|
| 作者: | 林寿 , 杨嗣信 主编 ;余志成 副主编 | |
| 分册: | ||
| 出版信息: | 北京 中国建筑工业出版社 2009.10 |
|
| 页数: | 109页 | |
| 开本: | 20cm | |
| 丛书名: | 建筑工程新技术丛书 | |
| 单 册: | ||
| 中图分类: | TU8 | |
| 科图分类: | ||
| 主题词: | 房屋建筑设备--fang wu jian zhu she bei--建筑安装工程--新技术应用 | |
| 电子资源: | ||
| ISBN: | 978-7-112-11134-3 | |
| 000 | 01124nam 2200277 450 | |
| 001 | 012001000310 | |
| 005 | 20100507101211.62 | |
| 010 | @a978-7-112-11134-3@dCNY10.00 | |
| 100 | @a20100515d2009 km y0chiy0121 eb | |
| 101 | 0 | @achi |
| 102 | @aCN@b110000 | |
| 105 | @aa a 000yy | |
| 200 | 1 | @a设备安装工程应用技术@Ashe bei an zhuang gong cheng ying yong ji shu@f林寿, 杨嗣信主编@g余志成 … [等] 副主编@Gyu zhi cheng…[deng]fu zhu bian |
| 210 | @a北京@c中国建筑工业出版社@d2009.10 | |
| 215 | @a109页@c图@d20cm | |
| 225 | 2 | @a建筑工程新技术丛书@Ajian zhu gong cheng xin ji shu cong shu@v4 |
| 320 | @a有书目 (第109页) | |
| 330 | @a本书是《建筑工程新技术丛书》之四,以设备安装工程应用技术为专题,主要介绍了近些年,在建筑工程施工领域所采用的新技术、新工艺和新材料等,旨在为新技术的推广应用,起到促进作用。 | |
| 410 | 0 | @12001 @a建筑工程新技术丛书 |
| 606 | 0 | @a房屋建筑设备@Afang wu jian zhu she bei@x建筑安装工程@j新技术应用 |
| 690 | @aTU8@v4 | |
| 701 | 0 | @a林寿@Alin shou@4主编 |
| 701 | 0 | @a杨嗣信@Ayang si xin@4主编 |
| 702 | 0 | @a余志成@Ayu zhi cheng@4副主编 |
| 801 | 0 | @aCN@c20100515 |
| 905 | @dTU8@eL518@f5 | |
| 设备安装工程应用技术/林寿, 杨嗣信主编/余志成 … [等] 副主编.-北京:中国建筑工业出版社,2009.10 |
| 109页:图;20cm.-(建筑工程新技术丛书;4) |
| ISBN 978-7-112-11134-3:CNY10.00 |
| 本书是《建筑工程新技术丛书》之四,以设备安装工程应用技术为专题,主要介绍了近些年,在建筑工程施工领域所采用的新技术、新工艺和新材料等,旨在为新技术的推广应用,起到促进作用。 |
| ● |
| 相关链接 |
|
|
|
正题名:设备安装工程应用技术
索取号:TU8/L518
 
预约/预借
| 序号 | 登录号 | 条形码 | 馆藏地/架位号 | 状态 | 备注 |
| 1 | 899192 | 208991929 | 建筑库201/201建筑库 48排5列4层/ [索取号:TU8/L518] | 在馆 | |
| 2 | 899193 | 208991938 | 建筑库201/201建筑库 48排5列4层/ [索取号:TU8/L518] | 在馆 | |
| 3 | 899194 | 208991947 | 建筑库201/201建筑库 48排5列4层/ [索取号:TU8/L518] | 在馆 | |
| 4 | 899195 | 208991956 | 建筑库201/201建筑库 48排5列4层/ [索取号:TU8/L518] | 在馆 | |
| 5 | 899196 | 208991965 | 建筑库201/201建筑库 48排5列4层/ [索取号:TU8/L518] | 在馆 |